| 000 | 00363nam a2200121Ia 4500 | ||
|---|---|---|---|
| 008 | 190216s9999||||xx |||||||||||||| ||und|| | ||
| 100 | _aDudley H Williams&Amp; Ian Fleming | ||
| 245 | 0 | _aSpectroscopic Methods In Organic Chemistry 6th Edn. | |
| 260 |
_bTata Mcgraw-Hill Education Private Limited _c2011 |
||
| 300 | _a290 | ||
| 650 | _aOrganic Chemistry | ||
| 942 | _cBK | ||
| 999 |
_c3567 _d3567 |
||